1816 1780 1607 1405 1178 1767 1317 1091 1640 1024 1325 1693 1753 1941 1689 1282 1156 1990 1113 1821 1444 1850 1357 1569 1183 1002 1086 1865 1694 1188 1407 1888 1533 1326 1272 1939 1736 1476 1730 1088 1639 1422 1786 1563 1093 1862 1222 1064 1627 1402 1538 1614 1129 1366 1135 1773 1546 1499 1483 1810 1815 1076 1421 1793 1531 1947 1534 1343 1650 1522 1163 1560 1490 1039 1121 1549 1521 1973 1767 1990 1959 1367 1496 1156 1418 1932 1974 1289 1550 1437 1178 1606 1612 1642 1344 1676 1568 1796 1753 BCNSPRNW ULIB Ver.6.0+V

เปลี่ยนเป็นภาษาไทย

Change to English
 แสดงรายละเอียดบรรณานุกรม
  กลับหน้าหลัก

Brief Record : Get Marc (ISO 2709) : E-mail record : QR code < ปิดหน้าต่าง
LEADER : 00000nam 2200000uu 4500
001    13399112382
003     ULIB
008    110810s2550||||th 000 0 tha d
020    9789744348227
090    นว.^bท339ด 2550
100 0  ทักษิณา
245 00 ดวงใจลิขิตรัก/^cทักษิณา
250    พิมพ์ครั้งที่ 1
260    กรุงเทพฯ:^bฟิสิกส์เซ็นเตอร์,^c2550
300    277 หน้า
710 1  ฟิสิกส์เซ็นเตอร์
945    ^p180^l0^i14056
995    กัณชพร
999 ^a ใช้งานได้ทุกระบบ
รายการนี้ยังไม่มีแท็ก
คุณยังไม่ได้ล็อกอิน คุณสามารถมีกิจกรรมร่วมกับเว็บไซต์ได้ แต่ต้องล็อกอินก่อน ::
  ล็อกอิน

รายการสื่อสารสนเทศ

ลำดับที่ ประเภท เลขเรียก/บาร์โค้ด สถานที่ สถานะ
1. นวนิยาย
นวนิยาย
นว. ท339ด 2550  
  Barcode: 14056
ห้องสมุดวิทยาเขตสวรรค์ประชารักษ์
►นวนิยาย
บนชั้น
  ขอยืม

รายการใกล้เคียง
    ผู้แต่ง [ทักษิณา]

BibComment


ยังไม่เคยถูกคอมเมนท์

คอมเมนท์ทรัพยากรรายการนี้
  คอมเมนท์: ดวงใจลิขิตรัก ทัก..


 Copyright 2026. Bcnsprnw @Library